000 00312nam a22001217a 4500
999 _c8005
_d8005
008 200616b ||||| |||| 00| 0 eng d
020 _a9781859462539
082 _a690.15
_bGAR
100 _aGarrand, Christopher
245 _aRoofing : technical review
260 _aLondon
_b RIBA Publishing
_c2008
942 _2ddc